000 00803cam a22002055a 4500
001 L150632
008 100805s2010 xxk f s 000 0 eng d
035 _a(Sirsi) u150632
041 0 _aeng
100 1 _aMayes, Suzie
245 0 0 _aIt's part L time
260 _c2010
490 _aHousebuilder
_v69(5) June 2010, 19-20(2)
520 _aFollowing the launch of the new Approved Document Part L 2010, this article discusses the implications of the new requirements for housebuilders. The three main changes relate to the "Flat Rate" approach to a 25% energy reduction requirement; party walls; and thermal bridging.
590 _aKA
650 2 4 _aBUILDING REGULATIONS 2000 APPROVED DOCUMENT L (2010 EDITION)
651 4 _aUnited Kingdom
_y
690 _aBuilding regulations
_96224
942 _n0
999 _c82582
_d82582